| 000 | 00538nam a2200181Ia 4500 | ||
|---|---|---|---|
| 008 | 131103s9999 xx 000 0 und d | ||
| 040 | _aLoreto College | ||
| 041 | _aEnglish | ||
| 082 |
_a375/375.000954/HAR _bLCLIB/1225 |
||
| 100 | _aHaray,Henry | ||
| 245 |
_aImprovement of curriculum in Indian School _cHenry Haray |
||
| 260 |
_aDelhi _bMinistry Of Education, Govt. of India _c1959 |
||
| 300 |
_aii,94 p. _c 24 cm. |
||
| 650 | _aEducation - Curriculum | ||
| 651 | _aIndian Education - Curriculum | ||
| 850 | _aLCLIB | ||
| 942 | _cBK | ||
| 999 |
_c10670 _d61149 |
||